000 00650nam a22002057a 4500
999 _c167971
_d167971
005 20190924145624.0
010 _aENG-126529
020 _c255.00
_a9789353167721
035 _aEN-110061
037 _bDBAD/PUB
082 _a480
100 _aOm Prakash
245 _aLanguage-II : English /
_cBy Om Prakash [and] Gyan Singh
260 _aChennai
_bMcGraw Hill Education
_c2020
270 _bChennai
_a444/1, Sri Ekambara Naicker Industrial Estate, Alapakkam Porur
_e600116
_minfo.india@mheducation.com
300 _aVarious p.
_c22cm,(pbk)
500 _aIncludes index
700 _aGyan Singh
942 _2ddc
_cEN
_h480
_mOMP